La machine a traduire: histoire des problèmes linguistiques
Salvato in:
| Autore principale: | |
|---|---|
| Natura: | Libro |
| Lingua: | francese |
| Pubblicazione: |
París
Mouton
1964
|
| Serie: | Minor, 32
|
| Soggetti: | |
| Tags: |
Aggiungi Tag
Nessun Tag, puoi essere il primo ad aggiungerne!!
|
MARC
| LEADER | 00000nam a2200000 a 4500 | ||
|---|---|---|---|
| 001 | UCJ9227 | ||
| 003 | CL-VaPUC | ||
| 008 | 070309e19640000FR |||||||||||||||||fre|d | ||
| 082 | 0 | 4 | |a 410.9 |b MOU |2 21 |
| 100 | |a Mounin, Georges |e auteur |9 868970 | ||
| 245 | 1 | 3 | |a La machine a traduire: histoire des problèmes linguistiques |
| 300 | |a 209 p | ||
| 942 | |c BK | ||
| 945 | |d 20070309 00:00:00 |a jtorresc | ||
| 260 | |a París |b Mouton |c 1964 | ||
| 500 | |a Donación del Dr. Luis Gómez Macker | ||
| 650 | 0 | |a Lingüística |9 265068 | |
| 650 | 7 | |a LINGUISTICA HISTORIA |2 CL-VaPUC |9 316168 | |
| 650 | 7 | |a TEORIA LINGUISTICA |2 CL-VaPUC |9 334835 | |
| 583 | |a last modification |c 20070309 00:00:00 |k Rodrigo Vera | ||
| 490 | 0 | |a Minor, 32 | |
| 999 | |c 324813 |d 324811 | ||
| 952 | |0 0 |1 0 |4 0 |6 410_900000000000000_MOU_1964 |7 0 |8 A |9 405179 |a FDOPOS |b FDOPOS |d 2019-11-22 |i 4269624 |o 410.9 MOU 1964 |p 4269624 |r 2025-01-22 |w 2019-11-22 |y BK |k MLA | ||